| 000 | 00631nam a22001697a 4500 | ||
|---|---|---|---|
| 082 | _a005 | ||
| 100 | _aBatool, Rubina ; Hamza, Muhammad ; Farooq, Muhammad Hussain | ||
| 245 |
_aDigital Quran (Verification of Quranic Verses through Imaging) _cRubina Batool ; Muhammad Hamza ; Muhammad Hussain Farooq |
||
| 260 |
_aIslamabad : _bSEECS - NUST, _c2018. |
||
| 300 |
_a50 p. ; _c30cm. |
||
| 563 | _aHBK | ||
| 650 | _aComputer Science-Project Report | ||
| 700 | _aDr. Muhammad Shahzad | ||
| 856 | _uhttp://10.250.8.41:8080/xmlui/handle/123456789/19591 | ||
| 942 |
_2ddc _cPR |
||
| 999 |
_c536241 _d536241 |
||